000
00287nam a2200121Ia 4500
008
190216s9999||||xx |||||||||||||| ||und||
100
_a
Elatwal
245
0
_a
Organic Chemistry Of Natural Products
260
_b
Pragathi Prakashan
300
_a
639p
650
_a
Chemistry
942
_c
BK
999
_c
2402
_d
2402